The world in time (Record no. 313103)

000 -LEADER
fixed length control field 00169 a2200085 4500
001 - CONTROL NUMBER
control field 78030
082 ## - DEWEY DECIMAL CLASSIFICATION NUMBER
Classification number 940.3 SCH
090 ## - LOCALLY ASSIGNED LC-TYPE CALL NUMBER (OCLC); LOCAL CALL NUMBER (RLIN)
-- 39355
-- 39355
245 ## - TITLE STATEMENT
Title The world in time
942 ## - ADDED ENTRY ELEMENTS (KOHA)
Institution code [OBSOLETE] CAE NUST
Call number prefix 940.3 SCH
Holdings
Withdrawn status Lost status Damaged status Not for loan Collection code Permanent Location Current Location Date acquired Total Checkouts Full call number Barcode Date last seen Price effective from Koha item type
          College of Aeronautical Engineering (CAE) College of Aeronautical Engineering (CAE) 04/03/2017   940.3 SCH CAE52568 04/05/2017 04/05/2017 Book
© 2023 Central Library, National University of Sciences and Technology. All Rights Reserved.